| 000 | 00437nam a22001697a 4500 | ||
|---|---|---|---|
| 003 | BD-ChCU | ||
| 005 | 20251210120945.0 | ||
| 008 | 251210b ii ||||| |||| 00| 0 eng d | ||
| 040 | _cBD-ChCU | ||
| 082 | _a323 K21t | ||
| 100 |
_aKaur,Manjot _917934 |
||
| 245 |
_aTeaching of Human Rights / _cManjot Kaur |
||
| 260 |
_aNew Delhi: _bA.P.H., _cc2008 |
||
| 300 | _a304p. | ||
| 650 | 0 |
_aHuman Right- Teaching _917935 |
|
| 942 |
_2ddc _cBK _n0 |
||
| 999 |
_c110337 _d110337 |
||